| 000 | 01035 a2200337 4500 | ||
|---|---|---|---|
| 999 |
_c75696 _d14685 |
||
| 001 | 75696 | ||
| 003 | TR-AnTOB | ||
| 005 | 20260317095910.0 | ||
| 008 | 110806s1996 tu 000 0 | ||
| 020 | _a9751115604 | ||
| 040 |
_aTR-AnTOB _cTR-AnTOB |
||
| 041 | 0 | _atur | |
| 050 | 0 | 0 |
_aDR592.K4 _bS37 1996 |
| 090 | _aDR592.K4 S37 1996 | ||
| 100 | 1 |
_aSarınay, Yusuf _917257 |
|
| 245 | 0 | 0 |
_aAtatürk'ün Millet ve Milliyetçilik Anlayışı / _cYusuf Sarınay. |
| 264 | 1 |
_aİstanbul : _bMEB, _c1996. |
|
| 300 |
_a122 p. ; _c20 cm. |
||
| 336 |
_2rdacontent _atext _btxt |
||
| 337 |
_2rdamedia _aunmediated _bn |
||
| 338 |
_2rdacarrier _avolume _bnc |
||
| 490 | 0 |
_aMili Eğitim Bakanlığı yayınları ; _v3025 _aBilim ve Kültür Eserleri dizisi ; _v908 _aDüşünce eserleri dizisi ; _v16 |
|
| 504 | _aKaynakça: (s.117-122) | ||
| 650 | 0 | 0 |
_aNationalism _zTurkey _917233 |
| 650 | 0 | 7 |
_aMilliyetçilik _zTürkiye _2etuturkob _97325 |
| 902 | _a0030424 | ||
| 903 | _aMerkez Kütüphane | ||
| 942 |
_cBK _2lcc |
||
| 945 | _aZŞ, FU | ||